LDR 00863nam a2200229 i 4500 001 000000180328 003 CaOOAMICUS 005 20090706000000.0 008 090706s1956 it u000 u ita u 013 $a157973 040 $aSeMil$bita 100 1 $aRosmini, Antonio,$c
.$0(OLS)http://semarc/name/405 245 10$a2 /$cAntonio Rosmini. 260 $aRoma :$bFratelli Bocca,$c1956. 300 $a483 p. ;$c25 cm. 773 0 $aRosmini, Antonio
$tAntropologia soprannaturale.$dRoma : Fratelli Bocca, 1955-1956.$w()21631 850 $aSeMil 852 $aSeMil$W1$xVenegono$y1$m2QA A 28$j272491$B131077$CSeMilBibl$Z2$F142977 $81 900 1 $aRosmini Serbati, Antonio. 996 $6245$a2$9(OLS)http://semarc/title/46890 996 $6260$aRoma :$bFratelli Bocca$9(OLS)http://semarc/publisher/33815